|
|
|
|
| LEADER |
00681cam a2200193 7i4500 |
| 001 |
0000039739 |
| 005 |
20210209090000.0 |
| 020 |
|
|
|a 9788180302459 (hbk.)
|
| 090 |
0 |
0 |
|a QR53
|b .P38 2010
|
| 100 |
1 |
|
|a Patil, Sharath Chandra,
|c Dr
|
| 245 |
1 |
0 |
|a Industrial microbiology
|c Dr. Sharath Chandra Patil, Dr. Ramakant Naidu.
|
| 250 |
|
|
|a 1st ed.
|
| 260 |
|
|
|a New Delhi:
|b Campus Books,
|c 2010.
|
| 300 |
|
|
|a 280 p.;
|c 22 cm.
|
| 650 |
0 |
0 |
|a Industrial microbiology
|
| 700 |
1 |
|
|a Naidu, Ramakant
|
| 997 |
|
|
|a Engineering & Life Sciences, Faculty
|b Science & Biotechnology, Department
|
| 998 |
|
|
|a Biotechnology & Life Sciences, Diploma
|
| 999 |
|
|
|a 0000050917
|b BOK
|c OPEN SHELF
|e 2nd Floor, Bestari Jaya
|